Central Library OPAC University of Rajshahi

Tūzuk-i-Jahāngīrī-توزك جهانگیری ;; -Toozuk-i-Jehangeeree--jo "Jahāngīr-nāma" aur "Iqbāl-nāma-e-Jahāngīrī" ke nām-se bhī mausūm hai; yaʻnī, Shahanshāh Jahāngīr ke ʻahd-i salt̤anat kī tārīg̲h̲, jise ... bādshāh ne apnī bādshāhat ke satrahveṅ sāl ke vasat̤ tak taḥrīr-kiyā ..., aur jise taṣḥīh ke-sāth Sir Saiyid Aḥmad (Khān) ne ... 1884 ʻīsavī meṅ ... apne zātī mat̤baʻ meṅ tabʻ-kiyā Tūzuk-i-Jahāngīrī--Toozuk-i-Jehangeeree--jo "Jahāngīr-nāma" aur "Iqbāl-nāma-e-Jahāngīrī" ke nām-se bhī mausūm hai; yaʻnī, Shahanshāh Jahāngīr ke ʻahd-i salt̤anat kī tārīg̲h̲, jise ... bādshāh ne apnī bādshāhat ke satrahveṅ sāl ke vasat̤ tak taḥrīr-kiyā ..., aur jise taṣḥīh ke-sāth Sir Saiyid Aḥmad (Khān) ne ... 1884 ʻīsavī meṅ ... apne zātī mat̤baʻ meṅ tabʻ-kiyā/ (Record no. 83257)

MARC details
000 -LEADER
fixed length control field 02074nam a2200325 a 4500
003 - CONTROL NUMBER IDENTIFIER
rucl marc code BD-RjUL
005 - DATE AND TIME OF LATEST TRANSACTION
control field 20240306161442.0
008 - FIXED-LENGTH DATA ELEMENTS--GENERAL INFORMATION
fixed length control field 240306s1960 ii 000 0 urd d
035 ## - SYSTEM CONTROL NUMBER
System control number (BD-RjUL)
040 ## - CATALOGING SOURCE
Original cataloging agency HUJI
Language of cataloging eng
Transcribing agency BD-RjUL
041 0# - LANGUAGE CODE
Language code of text/sound track or separate title urd
082 ## - DEWEY DECIMAL CLASSIFICATION NUMBER
Edition number 23
Classification number 954.0234
Author mark and year JAT 1960
100 0# - MAIN ENTRY--PERSONAL NAME
Personal name Jahangir,
Dates associated with a name 1569-1627
9 (RLIN) 9324
245 14 - TITLE STATEMENT
Title Tūzuk-i-Jahāngīrī-توزك جهانگیری ;; -Toozuk-i-Jehangeeree--jo "Jahāngīr-nāma" aur "Iqbāl-nāma-e-Jahāngīrī" ke nām-se bhī mausūm hai; yaʻnī, Shahanshāh Jahāngīr ke ʻahd-i salt̤anat kī tārīg̲h̲, jise ... bādshāh ne apnī bādshāhat ke satrahveṅ sāl ke vasat̤ tak taḥrīr-kiyā ..., aur jise taṣḥīh ke-sāth Sir Saiyid Aḥmad (Khān) ne ... 1884 ʻīsavī meṅ ... apne zātī mat̤baʻ meṅ tabʻ-kiyā Tūzuk-i-Jahāngīrī--Toozuk-i-Jehangeeree--jo "Jahāngīr-nāma" aur "Iqbāl-nāma-e-Jahāngīrī" ke nām-se bhī mausūm hai; yaʻnī, Shahanshāh Jahāngīr ke ʻahd-i salt̤anat kī tārīg̲h̲, jise ... bādshāh ne apnī bādshāhat ke satrahveṅ sāl ke vasat̤ tak taḥrīr-kiyā ..., aur jise taṣḥīh ke-sāth Sir Saiyid Aḥmad (Khān) ne ... 1884 ʻīsavī meṅ ... apne zātī mat̤baʻ meṅ tabʻ-kiyā/
Statement of responsibility, etc. Jahangir; tarjuma سليم واحمد سليم ;; Salim and Ahmed Salim
260 ## - PUBLICATION, DISTRIBUTION, ETC. (IMPRINT)
Place of publication, distribution, etc. Lahore :
Name of publisher, distributor, etc. majlis i Taraqi adab,
Date of publication, distribution, etc. 1960.
300 ## - PHYSICAL DESCRIPTION
Pagination 2 volumes (in 1) ;
Size 22 cm.
500 ## - GENERAL NOTE
General note Translation of: Jahangirnamah.
505 8# - FORMATTED CONTENTS NOTE
Formatted contents note v. 1: From the first to the twelfth year of his reign
Formatted contents note v. 2: From the thirteenth to the beginning of the nineteenth year of his reign
600 04 - SUBJECT ADDED ENTRY--PERSONAL NAME
Personal name Jahangir,
Titles and other words associated with a name Emperor of Hindustan,
Dates associated with a name 1569-1627
651 #4 - SUBJECT ADDED ENTRY--GEOGRAPHIC NAME
Geographic name Agra (India)
General subdivision History
9 (RLIN) 12118
Geographic name India
General subdivision History
Chronological subdivision 1526-1765
9 (RLIN) 12010
Geographic name India
General subdivision Kings and rulers
Form subdivision Biography
9 (RLIN) 12119
Geographic name Mogul Empire
700 1# - ADDED ENTRY--PERSONAL NAME
Personal name Rogers, Alexander,
Dates associated with a name 1825-1911
Personal name Beveridge, Henry,
Dates associated with a name 1837-1929
942 ## - ADDED ENTRY ELEMENTS (KOHA)
Source of classification or shelving scheme Dewey Decimal Classification
Koha item type Books
990 ## - EQUIVALENCES OR CROSS-REFERENCES [LOCAL, CANADA]
Link information for 9XX fields universities
Holdings
Lost status Source of classification or shelving scheme Damaged status Not for loan Collection code Permanent Location Current Location Shelving location Date acquired Total Checkouts Full call number Date last seen Copy number Koha item type
  Dewey Decimal Classification   Not For Loan Non-fiction Central Library, University of Rajshahi Central Library, University of Rajshahi Reading Room 06/03/2024   U 954.0234 JAT 1960 06/03/2024 c-1 Books